Catalog

Record Details

Catalog Search



Twenty-one days : a Daniel Pitt novel  Cover Image Book Book

Twenty-one days : a Daniel Pitt novel / Anne Perry.

Perry, Anne, (author.).

Summary:

"1910: Twenty-five-year-old Daniel Pitt is a junior barrister in London and eager to prove himself, independent of his renowned detective father's influence. And the new case before him will be the test. When his client, arrogant biographer Russell Graves, is found guilty of murdering his wife, Daniel is dispatched by his superior to find the real killer before Graves faces the hangman's noose--in only twenty-one days. Could the violent death have anything to do with Graves's profession? Someone in power may be framing the biographer to keep damaging secrets from coming to light. It is a theory that leads Daniel's investigation unexpectedly to London's Special Branch--and disturbingly, to one of his father's closest colleagues. Caught between duty to the law and a fierce desire to protect his family, Daniel must call on his keen intellect--and trust his detective's instincts--to find the truth in a tangle of dark deception. Lest an innocent man swing for another's heinous crime."-- Provided by publisher.

Record details

  • ISBN: 9780399179884
  • ISBN: 0399179887
  • Physical Description: 303 pages ; 25 cm.
  • Edition: First Edition.
  • Publisher: New York : Ballantine Books, ©2018.
Subject: Death row inmates > Fiction.
Legal stories.
Biographers > Fiction.
Genre: Suspense fiction.
Detective and mystery fiction.
Thrillers (Fiction)

Available copies

  • 1 of 1 copy available at scottsboropl.

Holds

  • 0 current holds with 1 total copy.
Show Only Available Copies
Location Call Number / Copy Notes Barcode Shelving Location Status Due Date
scottsboropl F Per 32269001053878 Adult - Fiction Available -

LDR 02361nam a2200409 i 4500
001146457
003CONS
00520180410082313.0
008180221s2018 nyu 000 1 eng
010 . ‡a 2018000632
020 . ‡a9780399179884 ‡q(hardcover)
020 . ‡a0399179887 ‡q(hardcover)
035 . ‡a(CPomAG)LMN605218
042 . ‡apcc
05000. ‡aPR6066.E693 ‡bT87 2018
08200. ‡a823/.914 ‡223
1001 . ‡aPerry, Anne, ‡eauthor.
24510. ‡aTwenty-one days : ‡ba Daniel Pitt novel / ‡cAnne Perry.
2463 . ‡a21 days
250 . ‡aFirst Edition.
264 1. ‡aNew York : ‡bBallantine Books, ‡c©2018.
300 . ‡a303 pages ; ‡c25 cm.
336 . ‡atext ‡btxt ‡2rdacontent
337 . ‡aunmediated ‡bn ‡2rdamedia
338 . ‡avolume ‡bnc ‡2rdacarrier
4901 . ‡aA Daniel Pitt novel
520 . ‡a"1910: Twenty-five-year-old Daniel Pitt is a junior barrister in London and eager to prove himself, independent of his renowned detective father's influence. And the new case before him will be the test. When his client, arrogant biographer Russell Graves, is found guilty of murdering his wife, Daniel is dispatched by his superior to find the real killer before Graves faces the hangman's noose--in only twenty-one days. Could the violent death have anything to do with Graves's profession? Someone in power may be framing the biographer to keep damaging secrets from coming to light. It is a theory that leads Daniel's investigation unexpectedly to London's Special Branch--and disturbingly, to one of his father's closest colleagues. Caught between duty to the law and a fierce desire to protect his family, Daniel must call on his keen intellect--and trust his detective's instincts--to find the truth in a tangle of dark deception. Lest an innocent man swing for another's heinous crime."-- ‡cProvided by publisher.
650 0. ‡aDeath row inmates ‡vFiction.
650 0. ‡aLegal stories.
650 0. ‡aBiographers ‡vFiction.
655 7. ‡aSuspense fiction. ‡2gsafd
655 7. ‡aDetective and mystery fiction. ‡2lcgft
655 7. ‡aThrillers (Fiction) ‡2lcgft
8001 . ‡aPerry, Anne. ‡tDaniel Pitt novel.
914 . ‡aSCP_kt
959 . ‡i32269001053878 ‡lF Per ‡aAdult - Fiction ‡tFiction ‡g28.00
852 . ‡p32269001053878 ‡jF Per ‡gAdult - Fiction ‡cFiction ‡y28.00 ‡bSBPL
901 . ‡a146457 ‡bUnknown ‡c146457 ‡tbiblio

Additional Resources